000
00322nam a22001337a 4500
008
170608b xxu||||| |||| 00| 0 eng d
020
_a
0137564538
041
_a
eng
080
_a
32
100
_a
18
101
_a
SHP
245
_a
THE TRANSITION IN CENTRAL AND EASTERN EUROPEAN POLITICS
_c
DERLETH,J.W
942
_2
udc
_c
BK
999
_c
16532
_d
16532